Loading...

Kaliyachan /

Bibliographic Details
Main Author: Kunhiraman Nair, P.
Language:Undetermined
Published: dCB , 2007.
Subjects:
LEADER 00589nam a2200157Ia 4500
001 157607
008 170722s9999 xx 000 0 und d
100 |a Kunhiraman Nair, P. 
245 |a Kaliyachan / 
260 |b dCB ,  |c 2007. 
653 |a Malayalam Literature 
923 |d 20080901  |n 000116 
942 |c GEN 
999 |c 137347  |d 137347 
952 |0 0  |1 0  |4 0  |6 O_321N092X_P71  |7 0  |9 193962  |a LIB  |b LIB  |d 2013-03-25  |e D C Books  |o O32,1N092x P7;1  |p 268082  |r 2017-08-12  |w 2017-08-12  |y GEN 
952 |0 0  |1 0  |4 0  |6 O_321N092X_P71  |7 0  |9 193963  |a LIB  |b LIB  |d 2013-03-25  |e D C Books  |o O32,1N092x P7;1  |p 268083  |r 2017-08-12  |w 2017-08-12  |y GEN